Municipis de la comarca del Lluçanès (Catalunya) - Statistics

General Stats
  • This quiz has been taken 326 times
    325 since last reset
  • The average score is 6 of 8
Answer Stats
Pista Resposta % Correct
PdL Prats de Lluçanès
99%
L Lluçà
88%
O Olost
82%
O Oristà
80%
A Alpens
76%
P Perafita
74%
SMdA Sant Martí d’Albars
72%
S Sobremunt
67%
No matching quizzes found
Score Distribution
Percent of People with Each Score
Percentile by Number Answered
Your Score History
You have not taken this quiz since the last reset